Твердые углеродсодержащие композитные электроды для определения элементов вольтамперометрическими методами: диссертация на соискание ученой степени доктора химических наук; спец. 02.00.02

Manylion Llyfryddiaeth
Prif Awdur: Носкова Г. Н. Галина Николаевна
Awdur Corfforaethol: Национальный исследовательский Томский политехнический университет (ТПУ) Кафедра физической и аналитической химии
Awduron Eraill: Колпакова Н. А. Нина Александровна (научный консультант)
Crynodeb:Защищена 26.12.2012 г.
Iaith:Rwseg
Cyhoeddwyd: Томск, 2012
Pynciau:
Fformat: Llyfr
KOHA link:https://koha.lib.tpu.ru/cgi-bin/koha/opac-detail.pl?biblionumber=229542

MARC

LEADER 00000nbm0a2200000 4500
001 229542
005 20231101230939.0
035 |a (RuTPU)RU\TPU\book\250161 
035 |a RU\TPU\book\250160 
090 |a 229542 
100 |a 20130114j20121226k y0rusy50 ca 
101 0 |a rus 
102 |a RU 
105 |a a m 001zy 
200 1 |a Твердые углеродсодержащие композитные электроды для определения элементов вольтамперометрическими методами  |e диссертация на соискание ученой степени доктора химических наук  |e спец. 02.00.02  |f Г. Н. Носкова  |g Национальный исследовательский Томский политехнический университет (ТПУ), Кафедра физической и аналитической химии ; науч. конс. Н. А. Колпакова 
210 |a Томск  |d 2012 
215 |a 305 л.  |c ил. 
300 |a Защищена 26.12.2012 г. 
320 |a Библиогр.: с. 282-305 (405 назв.). 
606 1 |a Вольтамперометрия  |2 stltpush  |3 (RuTPU)RU\TPU\subj\3652  |9 32036 
610 1 |a композитные электроды 
610 1 |a амальгамные электроды 
610 1 |a ртутные пленочные электроды 
610 1 |a чувствительность 
610 1 |a использование 
610 1 |a углеродсодержащие электроды 
610 1 |a диссертации 
610 1 |a труды учёных ТПУ 
675 |a 543.552(04)  |v 3 
686 |a 02.00.02  |2 oksvnk 
700 1 |a Носкова  |b Г. Н.  |c российский химик  |c научный сотрудник Томского политехнического университета, кандидат химических наук  |f 1969-  |g Галина Николаевна  |2 stltpush  |3 (RuTPU)RU\TPU\pers\25863 
702 1 |a Колпакова  |b Н. А.  |c девичья фамилия Полукарова  |c российский химик  |c профессор Томского политехнического университета, доктор химических наук  |c Почетный химик России (1996 г.)  |f 1942-  |g Нина Александровна  |2 stltpush  |3 (RuTPU)RU\TPU\pers\21963  |4 695 
712 0 2 |a Национальный исследовательский Томский политехнический университет (ТПУ)  |b Кафедра физической и аналитической химии  |c (2009- )  |2 stltpush  |3 (RuTPU)RU\TPU\col\15902 
801 1 |a RU  |b 63413507  |c 20130114 
801 2 |a RU  |b 63413507  |c 20150728  |g RCR 
942 |c BK